Piers Plowman : a new annotated edition of the C-text (Record no. 36890)

MARC details
000 -LEADER
fixed length control field 00586nam a2200193Ia 4500
008 - FIXED-LENGTH DATA ELEMENTS--GENERAL INFORMATION
fixed length control field 191130s2010##################000#0#eng##
020 ## - INTERNATIONAL STANDARD BOOK NUMBER
International Standard Book Number 9780859897846
040 ## - CATALOGING SOURCE
Original cataloging agency ACL
Transcribing agency ACL
082 ## - DEWEY DECIMAL CLASSIFICATION NUMBER
Classification number 302.2322 PEA
100 ## - MAIN ENTRY--PERSONAL NAME
Personal name Pearsall, Derek
245 ## - TITLE STATEMENT
Title Piers Plowman : a new annotated edition of the C-text
Statement of responsibility, etc. Derek pearsall
260 ## - PUBLICATION, DISTRIBUTION, ETC.
Place of publication, distribution, etc. Exeter, UK
Name of publisher, distributor, etc. Exeter press
Date of publication, distribution, etc. 2010
300 ## - PHYSICAL DESCRIPTION
Extent xi.,426p ;23cm
500 ## - GENERAL NOTE
General note Includes bibliographical references
650 ## - SUBJECT ADDED ENTRY--TOPICAL TERM
Topical term or geographic name entry element Christian poetry, English (Middle)
990 ## - EQUIVALENCES OR CROSS-REFERENCES [LOCAL, CANADA]
Link information for 9XX fields b3d03c53ac10000c1ec59b8ad0b1f689
991 ## -
-- 224618
Holdings
Withdrawn status Lost status Materials specified (bound volume or other part) Damaged status Not for loan Home library Current library Shelving location Date acquired Total Checkouts Full call number Barcode Date last seen Price effective from Koha item type
    pbk     Anna Centenary Library Anna Centenary Library 3RD FLOOR, B WING 09.10.2020   302.2322 PEA 465359 09.10.2020 09.10.2020 English Books

Find us on the map